[Event "7th Stage Russian Cup"]
[Site "Togliatty RUS"]
[Date "2001.08.16"]
[Round "9"]
[White "Ayupov,D"]
[Black "Zakharevich,I"]
[Result "1-0"]
[WhiteElo "2313"]
[BlackElo "2477"]

1.d4 Nf6 2.c4 g6 3.Nc3 Bg7 4.e4 d6 5.Nf3 O-O 6.Be2 e5 7.O-O Qe8 8.dxe5 dxe5
9.b4 Qe7 10.b5 c6 11.Qb3 Re8 12.Ba3 Qc7 13.Rfd1 Bf8 14.Bxf8 Kxf8 15.Rac1 Bg4
16.Nd2 Bxe2 17.Nxe2 Nbd7 18.Qa3+ Kg7 19.Nc3 Red8 20.c5 Nf8 21.Nc4 Rxd1+ 22.Rxd1 Ne6
23.b6 Qc8 24.Qb4 Qf8 25.Nd6 Nd7 26.Na4 axb6 27.Nxb6 Nxb6 28.Qxb6 Qe7 29.Ra1 h5
30.a4 h4 31.a5 Rf8 32.Qxb7 Qg5 33.Qb3 Nf4 34.Qf3 Rb8 35.Nc4 Rb3 36.Ne3 h3
37.g3 Ne6 38.Nf5+ gxf5 39.Qxb3 Nd4 40.Qd3 Qg4 41.exf5 Nf3+ 42.Kh1 e4 43.Qc3+ f6
44.a6 Ne5 45.Qe3  1-0

[Event "7th Stage Russian Cup"]
[Site "Togliatty RUS"]
[Date "2001.08.16"]
[Round "9"]
[White "Belozerov,A"]
[Black "Kokarev,D"]
[Result "1-0"]
[WhiteElo "2507"]
[BlackElo "2463"]

1.d4 Nf6 2.c4 g6 3.Nc3 Bg7 4.e4 d6 5.Nf3 O-O 6.Be2 e5 7.d5 Na6 8.O-O Nc5
9.Qc2 a5 10.Bg5 h6 11.Be3 Ng4 12.Bxc5 dxc5 13.h3 Nf6 14.Nxe5 Nxd5 15.cxd5 Bxe5
16.f4 Bd4+ 17.Kh2 Qh4 18.e5 Bf2 19.Ne4 Bf5 20.Rxf2 Qxf2 21.Nxf2 Bxc2 22.Rc1 Bf5
23.g4 Bd7 24.Rxc5 c6 25.Ne4 Rfd8 26.d6 Be6 27.a3 Kg7 28.Bc4 Bxc4 29.Rxc4 g5
30.f5 Re8 31.e6 fxe6 32.d7 Red8 33.fxe6 Kf8 34.Ng3 Ke7 35.Re4 Rh8 36.Nf5+ Kd8
37.Rd4 Rh7 38.Nd6 Ke7 39.Nxb7 Rhh8 40.Kg3 Rhb8 41.d8=Q+ Rxd8 42.Nxd8 Rxd8
43.Rxd8 Kxd8 44.Kf3 Ke7 45.Ke4 Kxe6 46.Kd4 a4 47.Kc5 Ke5 48.Kxc6 Kf4 49.Kb5 Kg3
50.Kxa4 Kxh3 51.b4  1-0

[Event "Rubinstein Open"]
[Site "Polanica Zdroj POL"]
[Date "2001.08.17"]
[Round "2"]
[White "Schmidt,Wl"]
[Black "Zawadzka,J"]
[Result "1-0"]
[WhiteElo "2438"]
[BlackElo "2064"]

1.Nf3 Nf6 2.c4 g6 3.Nc3 Bg7 4.e4 d6 5.d4 O-O 6.Be2 Nbd7 7.O-O e5 8.Be3 c6
9.Qc2 Qe7 10.Rab1 Ne8 11.b4 f5 12.exf5 gxf5 13.dxe5 dxe5 14.c5 e4 15.Bg5 Ndf6
16.Bc4+ Kh8 17.Nd4 Nc7 18.f3 Qe5 19.fxe4 fxe4 20.Bf4 Qe7 21.Bd6 Qd8 22.Bxf8  1-0

[Event "Rubinstein Open"]
[Site "Polanica Zdroj POL"]
[Date "2001.08.17"]
[Round "2"]
[White "Gralka,J"]
[Black "Szajda,M"]
[Result "1-0"]
[WhiteElo "2215"]
[BlackElo "2102"]

1.d4 Nf6 2.c4 d6 3.Nc3 Nbd7 4.e4 e5 5.Nf3 g6 6.Be2 Bg7 7.O-O O-O 8.Be3 c6
9.Qc2 Qc7 10.Rad1 Re8 11.b4 Nf8 12.d5 Ng4 13.Bc1 f5 14.c5 dxc5 15.bxc5 fxe4
16.Ng5 Bf5 17.Qb3 Qa5 18.dxc6+ Ne6 19.cxb7 Rab8 20.Bc4 Nf6 21.Bxe6+  1-0

[Event "Rubinstein Open"]
[Site "Polanica Zdroj POL"]
[Date "2001.08.17"]
[Round "2"]
[White "Malaniuk,V"]
[Black "Worek,J"]
[Result "1-0"]
[WhiteElo "2516"]
[BlackElo "2210"]

1.d4 Nf6 2.c4 g6 3.Nc3 Bg7 4.e4 d6 5.Nf3 O-O 6.Be2 e5 7.Be3 Nc6 8.d5 Ne7
9.Nd2 Nd7 10.b4 f5 11.f3 a5 12.bxa5 c5 13.dxc6 Nxc6 14.Nb3 Nxa5 15.Nxa5 Qxa5
16.Qd5+ Kh8 17.Qxa5 Rxa5 18.O-O-O Nc5 19.Rxd6 fxe4 20.fxe4 Ne6 21.Kb2 Re8
22.Bb6 Ra8 23.c5 Nd4 24.Bc4 Rf8 25.Kb1 g5 26.Rd8 Rxd8 27.Bxd8 Be6 28.Bxe6 Rxd8
29.Bd5 Bf8 30.Na4 Ra8 31.Rf1 Kg7 32.Nb6 Rd8 33.Rf7+ Kg6 34.Rd7 Rb8 35.Nc4  1-0

[Event "Rubinstein Open"]
[Site "Polanica Zdroj POL"]
[Date "2001.08.17"]
[Round "2"]
[White "Eljanov,P"]
[Black "Eidelson,R"]
[Result "1-0"]
[WhiteElo "2522"]
[BlackElo "2307"]

1.d4 Nf6 2.Nf3 g6 3.c4 Bg7 4.Nc3 d6 5.e4 O-O 6.Be2 Na6 7.O-O e5 8.Be3 Ng4
9.Bg5 Qe8 10.dxe5 dxe5 11.h3 h6 12.Bd2 Nf6 13.Be3 Qe7 14.Qc1 Kh7 15.Nd5 Nxd5
16.cxd5 b6 17.Qc6 Bd7 18.Qc2 Bc8 19.Rfc1 Bb7 20.Bxa6 Bxa6 21.Qxc7 Qb4 22.Nd2 Qxb2
23.Nc4 Bxc4 24.Qxc4 Qa3 25.Qb3 Qe7 26.f3 Rac8 27.Rc4 Rxc4 28.Qxc4 Qa3 29.Qb3 Qa6
30.Rc1 Rc8 31.Rc6 Rd8 32.Rc7 Qe2 33.Bf2 Qd2 34.Bg3 Qd4+ 35.Kh2 f5 36.Qa3 Rg8
37.Qe7 f4 38.Bh4 a5 39.Bg5  1-0

[Event "Rubinstein Open"]
[Site "Polanica Zdroj POL"]
[Date "2001.08.18"]
[Round "3"]
[White "Lada,M"]
[Black "Tihonov,J"]
[Result "1-0"]
[WhiteElo "2230"]
[BlackElo "2393"]

1.d4 Nf6 2.c4 g6 3.Nc3 Bg7 4.e4 d6 5.Nf3 O-O 6.Be2 e5 7.d5 a5 8.Bg5 Na6 9.Nd2 Qe8
10.O-O Bd7 11.b3 Kh8 12.a3 Ng8 13.Rb1 f5 14.f3 Nc5 15.b4 axb4 16.axb4 Na4
17.Qc2 Nf6 18.c5 dxc5 19.Nxa4 Bxa4 20.Qxc5 c6 21.Nc4 cxd5 22.exd5 Rc8 23.Qa5 Ra8
24.Qc5 Rc8 25.Qa5 Qb5 26.d6 h6 27.Bxf6 Bxf6 28.Rfe1 Qxa5 29.bxa5 Bc6 30.Red1 e4
31.Nb6 Rcd8 32.Bb5 Bxb5 33.Rxb5 Rfe8 34.d7 Re6 35.fxe4 Rxe4 36.Rbd5 Re5 37.Kf1 Kg7
38.Nc4 Rxd5 39.Rxd5 Kf7 40.Rd3 Ke6 41.Nb6 Be7 42.Re3+ Kf7 43.Rc3 Bd6 44.h3 Be5
45.Rc4 Ke7 46.Ke2 Bh2 47.Rc1 h5 48.Kd3 Bg3 49.Ke2 Bf4 50.Nd5+ Kxd7 51.Nxf4 Rg8
52.Rd1+  1-0

[Event "Rubinstein Open"]
[Site "Polanica Zdroj POL"]
[Date "2001.08.18"]
[Round "3"]
[White "Frackowiak,S"]
[Black "Fudalej,G"]
[Result "0-1"]
[WhiteElo "2127"]
[BlackElo "2032"]

1.Nf3 g6 2.c4 Bg7 3.e4 d6 4.d4 Nf6 5.Nc3 O-O 6.Be2 e5 7.d5 Ne8 8.h4 Nf6 9.Bg5 h6
10.Bxf6 Qxf6 11.h5 g5 12.Nh2 Qe7 13.Bg4 f5 14.Bxf5 Bxf5 15.exf5 Rxf5 16.Ne4 Nd7
17.Qe2 a6 18.g3 Rb8 19.a4 Nb6 20.Qc2 Rff8  0-1

[Event "Rapidplay"]
[Site "Villarrobledo ESP"]
[Date "2001.08.18"]
[Round "3"]
[White "Beliavsky,A"]
[Black "Oratovsky,M"]
[Result "0-1"]
[WhiteElo "2659"]
[BlackElo "2493"]

1.Nf3 d6 2.d4 Nf6 3.c4 g6 4.Nc3 Nbd7 5.e4 e5 6.Be2 Bg7 7.O-O O-O 8.Re1 Re8
9.Bf1 a6 10.d5 a5 11.a3 Nc5 12.b3 Ng4 13.h3 Nh6 14.Be3 f5 15.b4 axb4 16.axb4 Rxa1
17.Qxa1 Nxe4 18.Nxe4 fxe4 19.Nd2 Nf5 20.Nxe4 Nxe3 21.Rxe3 Rf8 22.Qa7 b6 23.c5 bxc5
24.bxc5 Bf5 25.cxd6 cxd6 26.Qa6 Bh6 27.Re1 Bxe4 28.Rxe4 Qf6 29.Qb6 Bd2 30.Rc4 Ba5
31.Qe3 Qd8 32.Rc6 Bb4 33.Bc4 Qf6 34.f3 Bc5 35.Rxc5 dxc5 36.Qxc5 Kh8 37.Bd3 Rb8
38.Qc7 Qb6+ 39.Qxb6 Rxb6 40.h4 Kg7 41.Kh2 Rb2 42.Kh3 Rd2 43.Be4 Kf6 44.g4 h6
45.Kg3 g5 46.Kh3 Ke7 47.hxg5 hxg5 48.Kg3 Kd6 49.Kh3 Kc5 50.Kg3 Kd4 51.Bf5 Kxd5
52.Be4+ Kd4 53.Bh7 Ke3 54.Be4 Ke2 55.Kg2 Ke1+ 56.Kg1 Ke2 57.Kg2 Ke3+ 58.Kg3 Kd4
59.Bf5 Kc3 60.Be4 Kb2 61.Bc6 Kb3 62.Be4 Kc3 63.Bc6 Kc2 64.Ba4+ Kc1 65.Bc6 Kd1
66.Bb5 Ke1 67.Bc4 Rd4 68.Ba6 e4 69.fxe4 Rxe4 70.Kf3 Rf4+ 71.Kg3 Kd2 72.Bc8 Ke3
73.Bf5  0-1

[Event "14th Kieler Open"]
[Site "Kiel GER"]
[Date "2001.08.19"]
[Round "4"]
[White "Voloshin,L"]
[Black "Lampe,D"]
[Result "1-0"]
[WhiteElo "2426"]
[BlackElo "2296"]

1.d4 Nf6 2.c4 g6 3.Nc3 Bg7 4.e4 d6 5.Be2 O-O 6.Nf3 e5 7.O-O exd4 8.Nxd4 Re8
9.Bf3 Nbd7 10.Re1 c6 11.Bf4 Ne5 12.Be2 Qb6 13.Qd2 Bg4 14.f3 Be6 15.Be3 Qc7
16.Nxe6 Rxe6 17.Rad1 Rae8 18.Bf2 h6 19.Bf1 Kh7 20.b3 b6 21.h3 Qe7 22.Ne2 Qc7
23.Nf4 R6e7 24.Qxd6 Qc8 25.Qd2 g5 26.Nd3 Nh5 27.c5 b5 28.Qc2 Kg8 29.b4 Nc4
30.Nc1 Nb2 31.Rd6 Nf4 32.Nb3 Be5 33.Nd4 Ne6 34.Qxb2  1-0

[Event "I American Continental"]
[Site "Cali COL"]
[Date "2001.08.20"]
[Round "11"]
[White "Yermolinsky,A"]
[Black "Zapata,A"]
[Result "1/2-1/2"]
[WhiteElo "2571"]
[BlackElo "2530"]

1.d4 Nf6 2.c4 g6 3.Nc3 Bg7 4.e4 d6 5.Nf3 O-O 6.Be2 e5 7.O-O Na6 8.Re1 c6
9.Rb1 Ng4 10.Bg5 f6 11.Bh4 g5 12.Bg3 f5 13.exf5  1/2-1/2

[Event "ch-FRA Gp B Tie-Break Blitz"]
[Site "Marsailles FRA"]
[Date "2001.08.20"]
[Round "1"]
[White "Dorfman,J"]
[Black "Relange,E"]
[Result "1-0"]
[WhiteElo "2602"]
[BlackElo "2472"]

1.d4 Nf6 2.c4 g6 3.Nc3 Bg7 4.e4 d6 5.Nf3 O-O 6.Be2 e5 7.Be3 Ng4 8.Bg5 f6
9.Bc1 Kh8 10.h3 Nh6 11.Be3 exd4 12.Nxd4 Nc6 13.Qd2 Nxd4 14.Bxd4 Nf7 15.O-O Be6
16.Rad1 Ne5 17.b3 Nc6 18.Be3 f5 19.exf5 Bxf5 20.Nd5 Qd7 21.f4 Rae8 22.Bf3 Be4
23.Bxe4 Rxe4 24.Rfe1 Rfe8 25.Bf2 Qf7 26.Rxe4 Rxe4 27.Re1 Rxe1+ 28.Qxe1 h6
29.Qe4 b6 30.g4 Nd8 31.Ne7 Kh7 32.f5 gxf5 33.Nxf5 Kg8 34.Be3 h5 35.Ne7+ Kf8
36.Ng6+ Kg8 37.gxh5 Ne6 38.Kg2 Bf6 39.Qf5 Nc5 40.Qc8+ Kh7 41.Qf5 Kg8 42.h6 Ne6
43.h7+ Kxh7 44.Ne5+  1-0

[Event "Rubinstein Open"]
[Site "Polanica Zdroj POL"]
[Date "2001.08.20"]
[Round "5"]
[White "Heyken,E"]
[Black "Dobrowolski,A"]
[Result "1/2-1/2"]
[WhiteElo "2325"]
[BlackElo "2222"]

1.d4 Nf6 2.Nf3 g6 3.c4 Bg7 4.Nc3 O-O 5.e4 d6 6.Be2 e5 7.d5 a5 8.Bg5 h6 9.Bh4 Na6
10.Nd2 Qe8 11.Bxf6 Bxf6 12.Bg4 Nc5 13.Bxc8 Nd3+ 14.Kf1 Qxc8 15.h4 Bg7 16.h5 Nf4
17.hxg6 fxg6 18.Kg1 Qd7 19.Qf1 Rf7 20.g3 Nh5 21.Qh3 Qxh3 22.Rxh3 Raf8 23.Rh2 Nf6
24.f3 h5 25.Re2 Bh6 26.Kg2 g5 27.Rf1 g4 28.fxg4 Bxd2 29.Rxd2 Nxg4 30.Rxf7 Rxf7
31.Nd1 Kg7 32.Rc2 Kg6 33.Rc3 b6 34.Rf3 Rxf3 35.Kxf3 Kg5 36.Nc3 Nf6 37.a3 h4
38.gxh4+ Kxh4 39.b4 axb4 40.axb4 Kh3 41.Nb5 Ne8 42.Na7 Kh4 43.Nc6 Nf6 44.Ne7 Ne8
45.Ng6+ Kg5 46.Nf8 Kh4 47.Ne6 Kh3 48.Ng5+ Kh4 49.Nf7 Kh3 50.c5 bxc5 51.bxc5 Kh4
52.Ke3 Kg3 53.Kd3 Kf4 54.c6 Kf3 55.Ng5+ Kf4 56.Nh3+ Kf3 57.Ng1+ Kf4 58.Ne2+ Kf3
59.Nc3 Nf6 60.Nb5 Ne8  1/2-1/2

[Event "Rubinstein Open"]
[Site "Polanica Zdroj POL"]
[Date "2001.08.20"]
[Round "5"]
[White "Lada,M"]
[Black "Maciejewski,M"]
[Result "1/2-1/2"]
[WhiteElo "2230"]
[BlackElo "2350"]

1.d4 Nf6 2.c4 g6 3.Nc3 Bg7 4.e4 d6 5.Nf3 O-O 6.Be2 e5 7.d5 a5 8.Bg5 h6 9.Bh4 Na6
10.Nd2 Qe8 11.O-O Bd7 12.b3 Nh7 13.a3 h5 14.f3 Bh6 15.Qc2 Be3+ 16.Kh1 f5
17.exf5 gxf5 18.Bf2 Bxf2 19.Rxf2 Kh8 20.Rg1 Rf6 21.Nd1 Qf7 22.Qc3 Nc5 23.b4 axb4
24.axb4 Na4 25.Qb3 Rg8 26.f4 e4 27.Ne3 Rh6 28.Ra1 Nb6 29.c5 Nc8 30.Qc3+ Nf6
31.Bc4 Ne7 32.Ra7 Bc8 33.Ndf1 Kh7 34.Rd2 Ne8 35.Bb5 Rg7 36.Bxe8 Qxe8 37.c6 bxc6
38.Rxc7 Bd7 39.dxc6 Bxc6 40.Rxc6 Qxc6 41.Qxc6 Nxc6 42.Nxf5 e3 43.Re2 Rf6
44.Nxg7 Rxf4 45.Nxe3 Kxg7 46.g3 Rxb4 47.Nf5+ Kf6 48.Nxd6 h4 49.Kg2 hxg3 50.hxg3  1/2-1/2

[Event "Open"]
[Site "Lisbon POR"]
[Date "2001.08.21"]
[Round "1"]
[White "Estremera Panos,S"]
[Black "Sande Edreira,J"]
[Result "1/2-1/2"]
[WhiteElo "2401"]
[BlackElo "2194"]

1.d4 Nf6 2.c4 g6 3.Nc3 Bg7 4.e4 d6 5.Nf3 O-O 6.Be2 Na6 7.O-O e5 8.Be3 Ng4
9.Bg5 Qe8 10.dxe5 dxe5 11.h3 f6 12.Bd2 Nh6 13.c5 c6 14.Bxa6 bxa6 15.Bxh6 Bxh6
16.Qa4 Rb8 17.b3 Rf7 18.Rfd1 Bf8 19.Qa5 Be6 20.Rd3 Rd7 21.Rxd7 Qxd7 22.Rd1 Qc8
23.Na4 Be7 24.Qc3 Qb7 25.Nh2 Qb4 26.Qf3 h5 27.Qe3 Kg7 28.Nf3 a5 29.Ne1 Rd8
30.Rxd8 Bxd8 31.Nc2 Qb7 32.Qc3 Qd7 33.Nb2 Qe7 34.Ne3 Bc7 35.Nd3 a4 36.bxa4 Bxa2
37.Nb4 Bb1 38.Nxc6 Qd7 39.Qb4 Qxc6 40.Qxb1 Qxc5 41.Qb7 Qb6 42.Qc8 Qb1+ 43.Kh2 Bb6
44.Qb7+ Kh6 45.a5 Qa2 46.axb6 Qxf2 47.Nd1 Qf4+ 48.Kg1 Qd2 49.Qd5 Qe1+ 50.Kh2 axb6
51.Qd3 h4 52.Qf3 f5 53.Nf2 Kg5 54.exf5 gxf5 55.Nd3 Qe4 56.Qd1 Qe3 57.Kh1 e4
58.Ne5 Kf4 59.Nd7 Kg3 60.Nf6 Kf2 61.Qg1+ Ke2 62.Qb1 Qf2 63.Qb2+ Kf1 64.Qc1+ Qe1
65.Qf4+ Qf2 66.Qc1+ Qe1 67.Qf4+ Qf2 68.Qc1+  1/2-1/2

[Event "Canadian Closed"]
[Site "Montreal CAN"]
[Date "2001.08.22"]
[Round "2"]
[White "Ochkoos,J"]
[Black "Yoos,J"]
[Result "1-0"]
[WhiteElo "2285"]
[BlackElo "2360"]

1.d4 d6 2.c4 g6 3.Nc3 Bg7 4.Nf3 Nf6 5.e4 O-O 6.Be2 e5 7.d5 a5 8.O-O Na6 9.Be3 Ng4
10.Bg5 f6 11.Bd2 f5 12.Ne1 Nf6 13.exf5 gxf5 14.f4 Nc5 15.Nd3 Nxd3 16.Bxd3 exf4
17.Bxf4 Ng4 18.Be2 Ne5 19.Qd2 Bd7 20.Rac1 Kh8 21.Kh1 Bf6 22.a4 Rg8 23.b3 Ng6
24.Bh6 Be5 25.Bg5 Qf8 26.Bh5 c5 27.Ne2 Qg7 28.Rf2 Rae8 29.Rcf1 Bf6 30.Bh6 Qe7
31.Ng3 Bd4 32.Bg5 Qe5 33.Re2 Qg7 34.Rxe8 Rxe8 35.Nxf5 Bxf5 36.Rxf5 Bc3 37.Qd3 Re1+
38.Rf1 Qe5 39.Bxg6 hxg6 40.h4 Re4  1-0

[Event "21st Open"]
[Site "Bratto ITA"]
[Date "2001.08.23"]
[Round "2"]
[White "Lapiccirella,M"]
[Black "Menoni,V"]
[Result "1/2-1/2"]
[WhiteElo "2146"]
[BlackElo "2252"]

1.d4 Nf6 2.c4 g6 3.Nc3 Bg7 4.e4 d6 5.Be2 O-O 6.Nf3 e5 7.d5 a5 8.Bg5 h6 9.Bh4 Na6
10.Nd2 Qe8 11.O-O Bd7 12.b3 Nh7 13.a3 h5 14.f3 Bh6 15.Kh1 Nc5 16.Rb1 f5 17.exf5 gxf5
18.Bf2 Nf6 19.b4 axb4 20.axb4 Na4 21.Qc2 Nxc3 22.Qxc3 Ra2 23.Rb2 Qa8 24.Nb1 Kh8
25.Qb3 Ra1 26.Nc3 Ra3 27.Qc2 b5 28.cxb5 Nxd5 29.Nxd5 Qxd5 30.Rd1 Qb7 31.Qc4  1/2-1/2

[Event "Open"]
[Site "Lisbon POR"]
[Date "2001.08.23"]
[Round "3"]
[White "Gunter,D"]
[Black "Oratovsky,M"]
[Result "0-1"]
[WhiteElo "2140"]
[BlackElo "2493"]

1.d4 d6 2.Nf3 g6 3.c4 Bg7 4.Nc3 Nd7 5.e4 e5 6.Be2 Ngf6 7.O-O O-O 8.Bg5 h6
9.Bxf6 Qxf6 10.d5 a5 11.a3 Qe7 12.g3 Nc5 13.Nh4 h5 14.Rb1 a4 15.Bf3 Bh6 16.Kh1 Bg5
17.Ng2 h4 18.Bg4 f5 19.exf5 gxf5 20.Bh5 hxg3 21.fxg3 Bd7 22.h4 Bh6 23.Bg6 Kg7
24.h5 Qg5 25.Kh2 Rf6 26.Nh4 f4 27.Qf3 Raf8 28.Rg1 fxg3+ 29.Qxg3 Qxg3+ 30.Kxg3 Bf4+
31.Kg2 Bg5 32.Kg3 Rf4 33.Ng2 Rf3+  0-1

[Event "Canadian Closed"]
[Site "Montreal CAN"]
[Date "2001.08.23"]
[Round "4"]
[White "Ochkoos,J"]
[Black "Odachowski,A"]
[Result "1/2-1/2"]
[WhiteElo "2285"]
[BlackElo "2197"]

1.d4 Nf6 2.c4 g6 3.Nc3 Bg7 4.e4 d6 5.Nf3 O-O 6.Be2 e5 7.d5 Na6 8.Bg5 h6 9.Bxf6 Qxf6
10.O-O Qe7 11.a3 f5 12.b4 Kh7 13.Rb1 Nb8 14.Nd2 Nd7 15.Rb3 Nf6 16.Re1 f4
17.h3 h5 18.Nf3 Bh6 19.Nh2 Rg8 20.Kh1 Bd7 21.f3 Bg5 22.Bf1 Bh4 23.Re2 g5
24.Ra2 g4 25.fxg4 hxg4 26.a4 Rg6 27.Nb5 Rag8 28.Nxc7 gxh3 29.Ne6 Bxe6 30.dxe6 Qxe6
31.Rf3 hxg2+ 32.Rxg2 Rxg2 33.Bxg2 Bg3 34.Qe2 Ng4 35.Nxg4 Qxg4 36.Kg1 Qh4
37.Kf1 Kh6 38.Rd3 Rg6 39.c5 dxc5 40.bxc5 Qe7 41.Rd5 Qc7 42.Bf3 Qe7 43.Qb2 Rg5
44.Rd6+ Rg6 45.Rd5 Rg5  1/2-1/2

[Event "Rubinstein Open"]
[Site "Polanica Zdroj POL"]
[Date "2001.08.23"]
[Round "8"]
[White "Shishkin,Va"]
[Black "Guliev,L"]
[Result "1/2-1/2"]
[WhiteElo "2458"]
[BlackElo "2371"]

1.d4 Nf6 2.c4 g6 3.Nc3 Bg7 4.e4 d6 5.Be2 O-O 6.Nf3 e5 7.Be3 Ng4 8.Bg5 f6
9.Bh4 g5 10.Bg3 Nh6 11.dxe5 fxe5 12.Qd5+ Nf7 13.h4 g4 14.Ng5 c6 15.Nxf7 Rxf7
16.Qd2 Qf6 17.Rd1 Bf8 18.c5 Be6 19.Qg5+ Qxg5 20.hxg5 Rg7  1/2-1/2

[Event "Ron Banwell Masters"]
[Site "London ENG"]
[Date "2001.08.24"]
[Round "7"]
[White "Batyrov,S"]
[Black "Buckley,G"]
[Result "0-1"]
[WhiteElo "2402"]
[BlackElo "2370"]

1.d4 Nf6 2.Nf3 g6 3.c4 Bg7 4.Nc3 d6 5.e4 O-O 6.Be2 e5 7.O-O Nbd7 8.d5 a5
9.Ne1 Nc5 10.Qc2 b6 11.Bd2 Qe7 12.Rc1 h5 13.b3 Bd7 14.Bg5 Qe8 15.f3 Nh7 16.Be3 Qe7
17.Nb5 Rfc8 18.Rd1 Bf6 19.a3 a4 20.b4 Nb3 21.c5 bxc5 22.bxc5 dxc5 23.Nxc7 Nd4
24.d6 Nxc2 25.dxe7 Rxc7 26.Nxc2 Be6 27.f4 Bxe7 28.fxe5 Rb8 29.Rc1 Rb3 30.Bf2 Bg5
31.Rce1 Rc3 32.Na1 Rxa3 33.h4 Bh6 34.Rb1 Ra2 35.Ba6 c4 36.Bb5 Rc8 37.Bb6 c3
38.Ba6 Rc6 39.Kh1 c2  0-1

[Event "Danube Summer"]
[Site "Tekija YUG"]
[Date "2001.08.24"]
[Round "1"]
[White "Jacimovic,D"]
[Black "Markovic,Miros"]
[Result "1/2-1/2"]
[WhiteElo "2485"]
[BlackElo "2535"]

1.d4 Nf6 2.c4 g6 3.Nc3 Bg7 4.e4 d6 5.Nf3 O-O 6.Be2 e5 7.d5 a5 8.h3 Na6 9.Bg5 h6
10.Be3 Nd7 11.g4 Ndc5 12.Rg1 c6 13.h4 cxd5 14.cxd5 Bd7 15.g5 h5 16.Nd2 f5
17.gxf6 Qxf6 18.Nf3 Bg4 19.Ng5 Nb4 20.Rxg4 hxg4 21.a3 Nba6 22.Bxg4 Bh6 23.Rb1 Bxg5
24.hxg5 Qh8 25.Ke2 Qh4 26.Qg1 Nb3 27.Qg2 Nd4+ 28.Kd2 Nb3+ 29.Kc2 Nd4+ 30.Kd2 Nb3+  1/2-1/2

[Event "WJun Women"]
[Site "Athens GRE"]
[Date "2001.08.25"]
[Round "9"]
[White "Radziewicz,I"]
[Black "Khamrakulova,I"]
[Result "1-0"]
[WhiteElo "2375"]
[BlackElo "2217"]

1.d4 Nf6 2.c4 g6 3.Nc3 Bg7 4.e4 d6 5.Be2 O-O 6.Nf3 Nbd7 7.O-O e5 8.Re1 exd4
9.Nxd4 Nc5 10.f3 a6 11.Be3 Ne6 12.Nxe6 Bxe6 13.Qd2 Nd7 14.Rac1 Re8 15.Nd5 Ne5
16.f4 Nc6 17.Bf3 f5 18.exf5 Bxf5 19.Bf2 Qd7 20.b4 Rac8 21.b5 Nd8 22.bxa6 bxa6
23.Bh4 Be6 24.Qa5 c6 25.Nb4 d5 26.cxd5 cxd5 27.Qxa6 Rc4 28.Bxd8 Rxb4 29.Bg5 Ra4
30.Qc6 Qxc6 31.Rxc6 Bd4+ 32.Kh1 Rxa2 33.Rcxe6 Rxe6 34.Bxd5 Kg7 35.Bxe6 Ra5
36.Bh4  1-0

[Event "Open"]
[Site "Lisbon POR"]
[Date "2001.08.25"]
[Round "5"]
[White "Ftacnik,L"]
[Black "Oratovsky,M"]
[Result "1-0"]
[WhiteElo "2580"]
[BlackElo "2493"]

1.d4 d6 2.Nf3 Nf6 3.c4 Nbd7 4.Nc3 g6 5.e4 e5 6.Be2 Bg7 7.O-O O-O 8.Qc2 Qe7
9.Rd1 c6 10.d5 c5 11.g3 Ne8 12.Nh4 Nb8 13.Bd3 Na6 14.a3 Bf6 15.Ng2 Bg7 16.Ne3 Qd8
17.Rb1 Bh6 18.Kh1 Ng7 19.Rg1 Kh8 20.Qe2 Bg5 21.b4 Qe7 22.Nb5 Bd7 23.Re1 f5
24.exf5 gxf5 25.f4 exf4 26.Ng2 Qxe2 27.Bxe2 Bxb5 28.cxb5 Nc7 29.Bxf4 Bxf4
30.Nxf4 cxb4 31.Rec1 Rfc8 32.Rxb4 Nce8 33.Rbc4 Rxc4 34.Rxc4 Kg8 35.Kg2 Kf7
36.Kf3 Ke7 37.Bd3 Kf6 38.Ke3 Ke5 39.Bc2 Kf6 40.Kd4 Rd8 41.Bd3 Rd7 42.Rc1 Nc7
43.Rf1 Kg5 44.h4+ Kh6 45.Ng2 Re7 46.Ne3 Re5 47.Rf3 Kg6 48.g4 h5 49.gxf5+ Kf6
50.a4 Nge8 51.Be4 Re7 52.Rg3 Rg7 53.Rg6+ Rxg6 54.fxg6 b6 55.Nf5 a6 56.Bd3 axb5
57.axb5 Na8 58.g7 Nxg7 59.Nxd6 Nc7 60.Ne4+ Kf5 61.Ng5+ Kg4 62.Ke5 Nge8 63.Ne6  1-0

[Event "Open"]
[Site "Lisbon POR"]
[Date "2001.08.25"]
[Round "5"]
[White "Carrasco Martinez,J"]
[Black "Lubbers,J"]
[Result "1-0"]
[WhiteElo "2341"]
[BlackElo "2141"]

1.d4 Nf6 2.Nf3 g6 3.c4 Bg7 4.Nc3 O-O 5.e4 d6 6.Be2 e5 7.d5 Nbd7 8.Bg5 h6
9.Bh4 a5 10.Nd2 Nc5 11.b3 g5 12.Bg3 c6 13.O-O Qe7 14.a3 cxd5 15.cxd5 Bd7
16.b4 Ncxe4 17.Ndxe4 Nxe4 18.Nxe4 f5 19.f3 fxe4 20.fxe4 Rxf1+ 21.Bxf1 axb4
22.axb4 Qd8 23.Bf2 Bf8 24.Rxa8 Qxa8 25.Qc1 Bg4 26.h4 Qd8 27.hxg5 Qxg5 28.Qxg5+ hxg5
29.Bb6 Be7 30.Kf2 Bd7 31.Be2 Kg7 32.Kg3 Ba4 33.Bg4 Bb5 34.Bc8 Ba6 35.Kg4 Kg6
36.Bf5+ Kf6 37.Kh5 Bc4 38.Be3 Be2+ 39.Bg4 Bxg4+ 40.Kxg4 Kg6 41.Bb6 Bf6 42.Bc7 Be7
43.b5 Kf7 44.Kh5 g4 45.Kxg4 Kg6 46.g3 Bf8 47.Bd8 Kf7 48.Kf5 Ke8 49.Bf6 Kd7
50.g4 Kc7 51.g5 Kb6 52.Ke6  1-0

[Event "Rubinstein Open"]
[Site "Polanica Zdroj POL"]
[Date "2001.08.25"]
[Round "10"]
[White "Zielinska,Mal"]
[Black "Kucypera,A"]
[Result "0-1"]
[WhiteElo "2101"]
[BlackElo "2168"]

1.d4 Nf6 2.c4 g6 3.Nc3 Bg7 4.e4 d6 5.Nf3 O-O 6.Be2 e5 7.d5 a5 8.Bg5 h6 9.Be3 Na6
10.Nd2 Nh7 11.O-O f5 12.f3 f4 13.Bf2 Bf6 14.a3 Bd7 15.b3 h5 16.Qc2 Bh4 17.Bxh4 Qxh4
18.Rab1 g5 19.Rfc1 g4 20.Nf1 Ng5  0-1

[Event "Rubinstein Open"]
[Site "Polanica Zdroj POL"]
[Date "2001.08.25"]
[Round "10"]
[White "Pyka,R"]
[Black "Szymczak,Z"]
[Result "0-1"]
[WhiteElo "2167"]
[BlackElo "2298"]

1.d4 Nf6 2.Nf3 g6 3.c4 Bg7 4.Nc3 O-O 5.e4 d6 6.Be2 Nbd7 7.O-O e5 8.d5 Nc5
9.Qc2 a5 10.Be3 Ng4 11.Bxc5 dxc5 12.h3 Nf6 13.Rfd1 Ne8 14.Bd3 Nd6 15.Re1 Bd7
16.Re2 Qe7 17.Rae1 Kh8 18.Kh2 h5 19.Qd2 f6 20.Nb5 Nxb5  0-1

[Event "Rubinstein Open"]
[Site "Polanica Zdroj POL"]
[Date "2001.08.25"]
[Round "10"]
[White "Malakhatko,V"]
[Black "Orzech,D"]
[Result "1/2-1/2"]
[WhiteElo "2557"]
[BlackElo "2251"]

1.d4 Nf6 2.c4 g6 3.Nc3 Bg7 4.e4 d6 5.Nf3 O-O 6.Be2 e5 7.O-O Nh5 8.Bg5 f6
9.Be3 Nf4 10.c5 Nxe2+ 11.Qxe2 exd4 12.Nxd4 dxc5 13.Qc4+ Kh8 14.Qxc5 Nd7 15.Qb5 c6
16.Qb3 Qe7 17.Ne6 Re8 18.Nxg7 Kxg7 19.Qc2 Nb6 20.b3 Be6  1/2-1/2

[Event "Schwarzach Open A"]
[Site "Salzburg AUT"]
[Date "2001.08.25"]
[Round "1"]
[White "Hertneck,G"]
[Black "Juergens,K"]
[Result "1-0"]
[WhiteElo "2572"]
[BlackElo "2189"]

1.d4 Nf6 2.c4 g6 3.Nc3 Bg7 4.e4 d6 5.Be2 O-O 6.Nf3 e5 7.O-O exd4 8.Nxd4 Re8
9.f3 Nc6 10.Be3 Nh5 11.f4 Nf6 12.Nxc6 bxc6 13.Bf3 Bb7 14.Qb3 Qc8 15.Rae1 a5
16.Kh1 Ba6 17.e5 Rb8 18.Qa4 Ng4 19.Bxc6 Nxe3 20.Rxe3 Rb4 21.Qxa5 Rxc4 22.Bxe8 Rxc3
23.Rxc3 Bxf1 24.Bxf7+ Kf8 25.Bd5  1-0

[Event "10th Open"]
[Site "Kavala GRE"]
[Date "2001.08.26"]
[Round "6"]
[White "Dimitrov,A"]
[Black "Bojkov,D"]
[Result "1/2-1/2"]
[WhiteElo "2303"]
[BlackElo "2411"]

1.d4 Nf6 2.Nf3 g6 3.c4 Bg7 4.Nc3 O-O 5.e4 d6 6.Be2 e5 7.O-O Na6 8.Re1 c6
9.h3 exd4 10.Nxd4 Nc5 11.Bf3 Nfd7 12.Be3 a5 13.Qc2 Re8 14.Nb3 Ne6 15.Red1 Be5
16.Nd4 Nxd4 17.Bxd4 Qf6 18.Bxe5 dxe5 19.Na4 Nf8 20.Nb6 Rb8 21.Qc3 Ne6 22.Rd6 Qg5
23.h4  1/2-1/2

[Event "Open"]
[Site "Lisbon POR"]
[Date "2001.08.26"]
[Round "6"]
[White "Iruzubieta,J"]
[Black "Gofshtein,Z"]
[Result "1/2-1/2"]
[WhiteElo "2414"]
[BlackElo "2518"]

1.Nf3 d6 2.d4 Nf6 3.c4 g6 4.Nc3 Bg7 5.e4 O-O 6.Be2 Na6 7.O-O e5 8.Be3 Qe8
9.dxe5 dxe5 10.h3 Nh5 11.c5 c6 12.Rb1 f5 13.b4 Nf4 14.Bxf4 exf4 15.Bxa6 bxa6
16.e5 h6 17.Re1 g5 18.Nd4 Be6 19.Qf3 Rc8 20.Rbd1 Rf7 21.Qe2 Re7 22.Qxa6 Rcc7
23.Qd3 Red7 24.Qe2 Re7 25.Qc2 Qf7 26.b5 f3 27.Nxf3 Bd7 28.bxc6 Bxc6 29.Rd8+ Re8
30.e6 Qf8 31.Rxe8 Bxe8 32.e7 Qf7  1/2-1/2

[Event "Danube Summer"]
[Site "Tekija YUG"]
[Date "2001.08.26"]
[Round "6"]
[White "Crisan,A"]
[Black "Markovic,Miros"]
[Result "1/2-1/2"]
[WhiteElo "2635"]
[BlackElo "2535"]

1.d4 Nf6 2.c4 g6 3.Nc3 Bg7 4.e4 d6 5.Be2 O-O 6.Be3 e5 7.Nf3 h6 8.Qd2 Ng4
9.dxe5 Nxe3 10.Qxe3 dxe5 11.Rd1 Qe8 12.Nd5 Na6 13.c5 c6  1/2-1/2

[Event "Open"]
[Site "Lisbon POR"]
[Date "2001.08.27"]
[Round "7"]
[White "Carrasco Martinez,J"]
[Black "Pina,Vl"]
[Result "1-0"]
[WhiteElo "2341"]
[BlackElo "2167"]

1.d4 Nf6 2.Nf3 g6 3.c4 Bg7 4.Nc3 O-O 5.e4 d6 6.Be2 e5 7.d5 Nbd7 8.Bg5 h6
9.Bh4 a6 10.Nd2 c5 11.a3 g5 12.Bg3 Re8 13.h4 Nf8 14.hxg5 hxg5 15.Nf3 N6h7
16.Qc2 Bd7 17.Rb1 Rc8 18.Nh2 Nf6 19.Qd2 N6h7 20.Bg4 Ng6 21.f3 Nf4 22.Bxd7 Qxd7
23.Ng4 b5 24.Ne3 b4 25.axb4 cxb4 26.Ncd1 Nf8 27.b3 N8g6 28.Nb2 a5 29.Ra1 Ra8
30.Na4 Qd8 31.Bf2 Ne7 32.g3 Nfg6 33.Rh5 f6 34.Ke2 Kf7 35.Rah1 Rb8 36.Qc1 Qd7
37.c5 dxc5 38.Nxc5 Qb5+ 39.Qc4 Red8 40.Rh7 Nf8 41.R7h5 Rd6 42.Qxb5 Rxb5 43.Nc4 Rd8
44.Ra1 Kg6 45.Rhh1 Nd7 46.Nxd7 Rxd7 47.g4 Nxd5 48.exd5 Rdxd5 49.Ra2 Rd8 50.Rha1 f5
51.Rxa5 Rxa5 52.Rxa5 fxg4 53.fxg4 e4 54.Be3 Rd3 55.Rxg5+ Kf6 56.Rf5+ Ke6
57.Nd2 Bd4 58.Bxd4 Rxd4 59.Rf4 Ke5  1-0